[Event "Perenyi Memorial"]
[Site "Budapest"]
[Date "2016.01.11"]
[Round "5"]
[White "Farago, Sandor"]
[Black "Horvath, Jeno Kalman"]
[Result "1-0"]
[WhiteElo "2263"]
[BlackElo "1997"]
[PlyCount "71"]
[EventDate "2016.01.06"]
[EventType "swiss"]
[EventRounds "9"]
[EventCountry "HUN"]
[SourceTitle "CBM 170 Extra"]
[Source "ChessBase"]
[SourceDate "2016.02.25"]
[SourceVersion "1"]
[SourceVersionDate "2016.02.25"]
[SourceQuality "1"]

1. e4 c5 2. Nf3 e6 3. d4 cxd4 4. Nxd4 a6 5. c4 Qc7 6. Nc3 Nf6 7. a3 d6 8. Be2 Be7 9. Be3 0-0 10. Rc1 b6 11. 0-0 Bb7 12. f3 Nbd7 13. Kh1 Rac8 14. b4 Rfe8 15. Nb3 Qb8 16. Bf4 Nh5 17. Bd2 Nhf6 18. Be1 Ne5 19. Qd4 Nfd7 20. f4 Nc6 21. Qd3 Red8 22. Bg3 a5 23. Nd4 Nxd4 24. Qxd4 axb4 25. axb4 Bf6 26. Qe3 Bc6 27. Rfd1 Be7 28. Bf3 e5 29. f5 h6 30. h4 Rc7 31. Bf2 Ra7 32. Ra1 Qa8 33. Qe1 Rb8 34. b5 Bb7 35. Rxa7 Qxa7 36. Ra1 1-0

[Event "Budapest Spring op 29th"]
[Site "Budapest"]
[Date "2013.03.27"]
[Round "9"]
[White "Horvath, Jeno Kalman"]
[Black "Domanski, Lukasz"]
[Result "1/2-1/2"]
[WhiteElo "2029"]
[BlackElo "1594"]
[PlyCount "79"]
[EventDate "2013.03.18"]
[EventType "swiss"]
[EventRounds "9"]
[EventCountry "HUN"]
[SourceTitle "CBM 153 Extra"]
[Source "ChessBase"]
[SourceDate "2013.04.22"]
[SourceVersion "1"]
[SourceVersionDate "2013.04.22"]
[SourceQuality "1"]

1. d4 d5 2. Nf3 Nf6 3. c4 c6 4. e3 Bf5 5. Qb3 Qb6 6. c5 Qxb3 7. axb3 e6 8. Nc3 Be7 9. b4 Nbd7 10. b5 0-0 11. b4 cxb5 12. Bxb5 a6 13. Be2 Rfc8 14. Bb2 Ne4 15. 0-0 Bf6 16. Rfc1 Nxc3 17. Bxc3 Be7 18. Ra3 Nf6 19. Be1 Nd7 20. Rca1 Rab8 21. R3a2 Bf6 22. h3 h6 23. Rc1 Ra8 24. Bc3 Be7 25. Rca1 Rab8 26. Bb2 Bf6 27. b5 axb5 28. Bxb5 Rd8 29. Rc1 Rbc8 30. Nd2 e5 31. Nb3 exd4 32. exd4 Rc7 33. Bc3 Rdc8 34. Bb4 Nb8 35. Bc3 b6 36. Ba6 Nxa6 37. Rxa6 bxc5 38. Nxc5 Be7 39. Bb4 Rb8 40. Ba5 1/2-1/2

[Event "HUN-chT2 Erkel 1112"]
[Site "Hungary"]
[Date "2012.02.19"]
[Round "6.8"]
[White "Zoltan, Andras"]
[Black "Horvath, Jeno Kalman"]
[Result "1/2-1/2"]
[WhiteElo "1952"]
[BlackElo "2062"]
[PlyCount "83"]
[EventDate "2011.09.25"]
[EventType "team-tourn"]
[EventRounds "11"]
[EventCountry "HUN"]
[SourceTitle "EXT 2013"]
[Source "ChessBase"]
[SourceDate "2012.11.22"]
[SourceVersion "1"]
[SourceVersionDate "2012.11.22"]
[SourceQuality "1"]
[WhiteTeam "Honved II"]
[BlackTeam "Foti"]
[WhiteTeamCountry "HUN"]
[BlackTeamCountry "HUN"]

1. e4 d5 2. exd5 Nf6 3. d4 Nxd5 4. c4 Nb6 5. Nf3 g6 6. Be3 Bg7 7. Qd2 0-0 8. Bh6 c5 9. Bxg7 Kxg7 10. Nc3 cxd4 11. Qxd4+ Qxd4 12. Nxd4 Na6 13. 0-0-0 e5 14. Ndb5 Bd7 15. Nd6 Bc6 16. f3 Rfd8 17. Be2 Rd7 18. Ndb5 Nc5 19. Rxd7 Ncxd7 20. Rd1 a6 21. Nd6 a5 22. g4 Nc5 23. Nd5 Nc8 24. Nc7 Rb8 25. Nce8+ Bxe8 26. Nxe8+ Kf8 27. Nc7 Nb6 28. b3 Rc8 29. Nb5 Ke7 30. h4 Ne6 31. Kb2 Nf4 32. Bf1 f6 33. Nc3 h5 34. Ne4 Nd7 35. Nd6 Rc7 36. a3 b6 37. Nb5 Rc8 38. Nc3 hxg4 39. fxg4 Rh8 40. Nd5+ Nxd5 41. cxd5 Kd6 42. Bb5 1/2-1/2

[Event "HUN-chT2 Erkel 1011"]
[Site "Hungary"]
[Date "2010.09.12"]
[Round "1.8"]
[White "Horvath, Jeno Kalman"]
[Black "Kiss, Pal Vac"]
[Result "1/2-1/2"]
[WhiteElo "2048"]
[BlackElo "2057"]
[PlyCount "63"]
[EventDate "2010.09.12"]
[EventType "team-tourn"]
[EventRounds "11"]
[EventCountry "HUN"]
[SourceTitle "EXT 2012"]
[Source "ChessBase"]
[SourceDate "2011.11.24"]
[SourceVersion "1"]
[SourceVersionDate "2011.11.24"]
[SourceQuality "1"]
[WhiteTeam "Foti"]
[BlackTeam "Vaci"]
[WhiteTeamCountry "HUN"]
[BlackTeamCountry "HUN"]

1. d4 d5 2. Nf3 Nf6 3. c4 c6 4. e3 Bf5 5. Nc3 e6 6. Be2 dxc4 7. Bxc4 Nbd7 8. h3 h6 9. Qe2 Ne4 10. 0-0 Bd6 11. Nxe4 Bxe4 12. Bd3 Bxd3 13. Qxd3 0-0 14. Bd2 Qe7 15. Bc3 e5 16. dxe5 Nxe5 17. Nxe5 Bxe5 18. Bxe5 Qxe5 19. Qb3 b6 20. Rad1 Rfd8 21. Qc2 c5 22. b3 Qe7 23. Qc4 Rd6 24. Rxd6 Qxd6 25. a4 Rd8 26. Rc1 Qd3 27. b4 Qxc4 28. Rxc4 Rd1+ 29. Kh2 cxb4 30. Rxb4 Ra1 31. g4 Ra2 32. Kg3 1/2-1/2

[Event "Budapest Spring op 26th"]
[Site "Budapest"]
[Date "2010.03.26"]
[Round "7"]
[White "Karim, Ismael"]
[Black "Horvath, Jeno Kalman"]
[Result "1-0"]
[WhiteElo "2386"]
[BlackElo "2016"]
[PlyCount "83"]
[EventDate "2010.03.19"]
[EventType "swiss"]
[EventRounds "9"]
[EventCountry "HUN"]
[SourceTitle "CBM 135 Extra"]
[Source "ChessBase"]
[SourceDate "2010.05.04"]
[SourceVersion "1"]
[SourceVersionDate "2010.05.04"]
[SourceQuality "1"]

1. d4 d5 2. Nf3 Nf6 3. c4 dxc4 4. e3 e6 5. Bxc4 c5 6. 0-0 a6 7. dxc5 Qxd1 8. Rxd1 Bxc5 9. Nfd2 0-0 10. Nb3 Be7 11. Nc3 Nc6 12. f3 b5 13. Be2 Bb7 14. e4 Rac8 15. Be3 Ne5 16. a4 b4 17. Na2 Rc2 18. Rd2 Rxd2 19. Bxd2 Nc6 20. Be3 Nd7 21. Rd1 Rd8 22. Nac1 Ndb8 23. Rxd8+ Bxd8 24. Nd3 Nd7 25. Kf2 Bc8 26. f4 e5 27. f5 Be7 28. g4 Kf8 29. g5 Nd4 30. Nxd4 exd4 31. Bxd4 Bxg5 32. Nxb4 a5 33. Nc6 Bd2 34. Bb5 Bb7 35. Ke2 Bxc6 36. Bxc6 Nb8 37. Bc5+ Kg8 38. Bb5 Bf4 39. h3 Bc7 40. b4 h6 41. bxa5 Bxa5 42. Bd6 1-0

[Event "HUN-chT2 Erkel 0910"]
[Site "Hungary"]
[Date "2010.03.21"]
[Round "8.8"]
[White "Rozsa, Zoltan"]
[Black "Horvath, Jeno Kalman"]
[Result "1/2-1/2"]
[WhiteElo "2057"]
[BlackElo "2016"]
[PlyCount "62"]
[EventDate "2009.11.08"]
[EventType "team-tourn"]
[EventRounds "11"]
[EventCountry "HUN"]
[SourceTitle "EXT 2011"]
[Source "ChessBase"]
[SourceDate "2010.11.26"]
[SourceVersion "1"]
[SourceVersionDate "2010.11.26"]
[SourceQuality "1"]
[WhiteTeam "Vaci"]
[BlackTeam "Foti"]
[WhiteTeamCountry "HUN"]
[BlackTeamCountry "HUN"]

1. Nf3 d5 2. c4 e6 3. d4 Nf6 4. Nc3 c5 5. cxd5 Nxd5 6. e4 Nxc3 7. bxc3 cxd4 8. cxd4 Bb4+ 9. Bd2 Qa5 10. a3 Bxd2+ 11. Qxd2 Qxd2+ 12. Nxd2 0-0 13. Bc4 Nc6 14. Nb3 Rd8 15. Rd1 b6 16. Bb5 Bb7 17. Ke2 a6 18. Bxc6 Bxc6 19. Ke3 Ba4 20. Rb1 Rac8 21. Rhc1 Kf8 22. Nd2 Bb5 23. Nf3 f6 24. Ne1 Ke7 25. Nd3 Bxd3 26. Kxd3 b5 27. g4 Kd7 28. f4 Rxc1 29. Rxc1 Rb8 30. h4 b4 31. axb4 Rxb4 1/2-1/2

[Event "Budapest Spring op 26th"]
[Site "Budapest"]
[Date "2010.03.20"]
[Round "2"]
[White "Tran, Tuan Minh"]
[Black "Horvath, Jeno Kalman"]
[Result "1/2-1/2"]
[WhiteElo "2203"]
[BlackElo "2016"]
[PlyCount "47"]
[EventDate "2010.03.19"]
[EventType "swiss"]
[EventRounds "9"]
[EventCountry "HUN"]
[SourceTitle "CBM 135 Extra"]
[Source "ChessBase"]
[SourceDate "2010.05.04"]
[SourceVersion "1"]
[SourceVersionDate "2010.05.04"]
[SourceQuality "1"]

1. d4 d5 2. Bg5 c6 3. Nf3 Nf6 4. Bxf6 exf6 5. e3 Bd6 6. g3 Nd7 7. Bg2 f5 8. 0-0 Nf6 9. c4 0-0 10. Nc3 Be6 11. Nd2 Be7 12. Qb3 dxc4 13. Qxb7 Bd5 14. Rab1 a5 15. Bxd5 cxd5 16. Qc6 a4 17. a3 Qa5 18. Qb5 Qd8 19. Qb7 Re8 20. Nf3 Qa5 21. Qb5 Qxb5 22. Nxb5 Ra5 23. Nc3 Bd6 24. Nd2 1/2-1/2